00324nam a2200121Ia 4500008004100000245006100041260001700102260000900119300000900128650002300137650001200160856003000172170516s9999 xx 000 0 und d aTherapeutic Evaluation of microRNAs by Molecular Imaging bTheranostics c2013 a3:12 xMedical Technology xMedtech uhttp://www.thno.org/v3i12